Story –telling for upper grade teachers
Saved in:
| Main Author: | |
|---|---|
| Format: | Book |
| Language: | English |
| Published: |
Row Peterson
1918
|
| Tags: |
Add Tag
No Tags, Be the first to tag this record!
|
MARC
| LEADER | 00000nam a22000007a 4500 | ||
|---|---|---|---|
| 008 | 201222b ||||| |||| 00| 0 eng d | ||
| 100 | |a CROSS, Allen | ||
| 245 | |a Story –telling for upper grade teachers |c Allen Cross and Nellie Margaret Statler | ||
| 260 | |b Row Peterson |c 1918 |h Chicago |i 181039 |l LB1042 .C87 | ||
| 942 | |a lcc |c BK | ||
| 952 | |0 0 |1 0 |2 lcc |4 0 |6 LB1042 C87 |7 0 |9 1132 |a HOL |b HOL |c LP |d 2020-12-22 |l 0 |o LB1042 .C87 |p 2020-230339 |r 2020-12-22 00:00:00 |w 2020-12-22 |y BK | ||
| 999 | |c 588 |d 588 | ||